Statistics for Taylor Swift's The Best Day Lyrics

Click here to take the quiz!

General Stats

  • This quiz has been taken 336 times
  • The average score is 290 of 348

Answer Stats

Taylor Swift's The Best Day % Correct
the
100%
be
98%
you
98%
I
98%
day
97%
and
97%
a
97%
an
97%
And
97%
best
96%
to
94%
in
93%
my
93%
me
92%
with
92%
I'm
92%
on
92%
had
91%
at
91%
know
91%
your
90%
don't
89%
It's
89%
today
89%
Don't
89%
it's
89%
all
89%
so
88%
we
88%
is
87%
why
86%
Now
86%
now
86%
But
86%
of
85%
for
85%
home
84%
mean
84%
how
84%
could
84%
fall
84%
friends
83%
change
82%
talk
82%
who
82%
you're
82%
got
82%
years
81%
big
81%
five
81%
school
81%
trees
80%
gonna
80%
old
80%
run
80%
I've
80%
up
79%
laugh
79%
when
79%
coat
79%
ride
79%
getting
79%
cold
79%
crying
78%
drive
78%
their
78%
away
78%
was
78%
names
77%
far
77%
forgot
77%
come
77%
until
76%
thirteen
76%
car
76%
have
76%
shop
76%
window
76%
if
76%
house
76%
out
76%
way
75%
little
73%
look
73%
hear
73%
Look
73%
am
73%
father
73%
than
73%
not
73%
or
73%
take
72%
found
72%
keys
72%
pumpkin
71%
near
71%
Snow
71%
brother
71%
grab
71%
back
70%
enough
70%
feel
70%
better
70%
making
70%
laughing
70%
hold
70%
side
70%
his
70%
stronger
69%
anything
69%
okay
69%
excellent
69%
tight
69%
long
69%
love
69%
patch
69%
tractor
69%
til
69%
asleep
69%
from
68%
video
68%
three
68%
seven
68%
town
68%
White's
68%
inside
68%
he's
67%
sky
67%
were
67%
smiling
67%
smiles
67%
scared
67%
space
66%
There
66%
even
65%
pirate
65%
age
65%
kitchen
65%
pretty
65%
God
65%
strength
65%
world
64%
set
64%
grew
64%
wrong
64%
gold
64%
princesses
64%
talking
64%
ships
63%
legs
63%
hug
63%
prettiest
63%
lady
63%
whole
63%
Past
62%
that
62%
wide
62%
paint
62%
dwarfs
61%
days
61%
rides
59%
say
59%
giving
59%
eyes
57%
smart
56%
shine
55%
this
55%
watching
55%
knew
54%
Daddy's
54%
taking
52%
chance
51%
didn't
49%
staying
48%

Score Distribution

Percentile by Number Answered

Percent of People with Each Score

Your Score History

You have not taken this quiz